A Little Death - The Neighbourhood - All Lyrics - Statistics

General Stats
  • This quiz has been taken 7 times
  • The average score is 173 of 195
Answer Stats
Answer % Correct
A
100%
a
100%
am
100%
breathing
100%
feel
100%
Feel
100%
human
100%
I
100%
like
100%
Make
100%
me,
100%
me
100%
no
100%
So
100%
The
100%
the
100%
there
100%
to
100%
Touch
100%
touch
100%
want
100%
yeah
100%
you
100%
again
75%
all
75%
bed
75%
But
75%
can
75%
checking
75%
cold
75%
concierge
75%
"Darling,
75%
dead
75%
for
75%
forget
75%
guests
75%
he
75%
him
75%
in
75%
kill"
75%
knocking,
75%
left
75%
let
75%
lit
75%
looks
75%
mold
75%
neighbor
75%
never
75%
night
75%
now
75%
on
75%
one
75%
over
75%
room
75%
ruins
75%
that
75%
them
75%
they'd
75%
two
75%
was
75%
water
75%
were
75%
would
75%
your
75%
you're
75%
and
50%
And
50%
Dancing
50%
death
50%
fit
50%
glimpse
50%
had
50%
of
50%
pipes
50%
queen-sized
50%
said,
50%
She
50%
silhouettes
50%
sought
50%
Sprite
50%
their
50%
through
50%
Vacancy
50%
vodka
50%
No matching quizzes found
Score Distribution
Percent of People with Each Score
Percentile by Number Answered
Your Score History
You have not taken this quiz